| 000 | 00616cam a2200145 4500500 | ||
|---|---|---|---|
| 005 | 20260208010203.0 | ||
| 041 | _afre | ||
| 042 | _adc | ||
| 100 | 1 | 0 |
_aPouey-Mounou _eauthor |
| 245 | 0 | 0 | _aViolaine Giacomotto-Charra, La Forme des choses. Poésie et savoirs dans La Sepmaine de Du Bartas. Toulouse-Le Mirail, P. U., 2009. Un vol. de 320 p. |
| 260 | _c2015. | ||
| 500 | _a24 | ||
| 786 | 0 | _nRevue d'histoire littéraire de la France | 115 | 1 | 2015-01-27 | p. 191e-252e | 0035-2411 | |
| 856 | 4 | 1 | _uhttps://shs.cairn.info/revue-d-histoire-litteraire-de-la-france-2015-1-page-191e?lang=fr&redirect-ssocas=7080 |
| 999 |
_c1655482 _d1655482 |
||